Loading...
| Science - Chemistry | 0 | 4 | 0 | 0 | 40 | 84 | 103.00 | 0 | 0 |
| Mythology | 0 | 3 | 0 | 1 | 30 | 109 | 131.33 | 0 | 0 |
| Science - Physics | 0 | 2 | 0 | 1 | 20 | 102 | 112.00 | 0 | 0 |
| History - World History | 0 | 2 | 0 | 1 | 20 | 115 | 118.50 | 0 | 0 |
| Religion | 0 | 2 | 0 | 1 | 20 | 124 | 128.50 | 0 | 0 |
| Philosophy | 0 | 2 | 0 | 0 | 20 | 98 | 104.50 | 0 | 0 |
| Literature - World Literature | 0 | 1 | 0 | 0 | 10 | 104 | 104.00 | 0 | 1 |
| Fine Arts - Other Fine Arts | 0 | 1 | 0 | 0 | 10 | 124 | 124.00 | 0 | 0 |
| Fine Arts - Painting and Sculpture | 0 | 1 | 0 | 0 | 10 | 138 | 138.00 | 0 | 0 |
| Literature - British Literature | 0 | 1 | 0 | 0 | 10 | 105 | 105.00 | 0 | 0 |
| Literature - European Literature | 0 | 1 | 0 | 0 | 10 | 143 | 143.00 | 0 | 0 |
| Pop Culture | 0 | 1 | 0 | 0 | 10 | 54 | 54.00 | 1 | 1 |
| Science - Biology | 0 | 1 | 0 | 0 | 10 | 136 | 136.00 | 0 | 0 |
| Science - Other Science | 0 | 1 | 0 | 0 | 10 | 129 | 129.00 | 0 | 0 |
| Literature - American Literature | 0 | 0 | 0 | 0 | 0 | 0.00 | 0 | 0 | |
| Fine Arts - Classical Music | 0 | 0 | 0 | 0 | 0 | 0.00 | 0 | 0 | |
| History - European History | 0 | 0 | 0 | 0 | 0 | 0.00 | 0 | 0 |